Objet d’un Soulsborne ou non ? - Statistiques

Statistiques générales
  • Ce quiz a été pris 31 fois
  • Le résultat moyen est 6 sur 11
Statistiques - réponses
Question Réponse % Correct
Depuis la tragédie qui dévasta le Vieux Yharnam, le feu, considéré comme purificateur, est devenu un grand classique de parties de chasse Oui
75%
Cette hache fait partie des rares armes de dragon, et provient de la queue de Dragon Béant, un descendant éloigné et difforme des dragons éternels. L'arme possède un pouvoir mystique qu'elle dévoile uniquement si on l'utilise à deux mains Oui
75%
Un pendentif dont émane une odeur fruitée très prononcée. Il améliore temporairement la défense des Ténèbres Non
67%
Morceau de pierre brisée chargé de pouvoir magique. “Véritable sorcellerie ” employée par les prêtres du Moineau Non
67%
D'un côté, c'est une épée d'argent facile à manier et de l'autre une énorme arme contondante en pierre à a puissance d'impacte extrême Oui
67%
En plongeant son regard dans une effigie, on finit par y apercevoir une silhouette humaine, mais ses traits précis varient en fonction de la personne qui la personne qui la regarde Oui
67%
Selon le Choeur, la région d'Isz touche le cosmos, ce qui explique que les Grands puissent fonctionner sur des plans de pensée transcendantaux, d’où leurs calices et leurs effets Oui
58%
Ces flèches d'âme, aiguisées à travers la cristallisation, ont un lien avec les anciens seigneurs de ces contrées Non
42%
Ces papillons sécrètent une substance qui s'enflamme au contact de l'air et les protège de leurs prédateurs naturels. On apprécie les services qu'ils peuvent rendre en tant qu'allumoirs, mais en nombre, on les a déjà vus déclencher des incendies majeurs Oui
42%
Modérément efficace contre les non-morts, étant surtout là pour les empêcher de se relever dans la mort. L’Ordre d’argent n’a aucune pitié pour ceux qui outrepassent les limites de la vie Non
25%
Ce fusil à poudre noir est utilisé par l’Église du Remède pour s’attaquer aux malades qui jonchent les rues. Sa grande capacité en balle de vif-argent en fait l’arme fétiche de nombreux chasseurs Non
17%
Aucun quiz correspondant
Distribution des résultats
% des personnes avec chaque résultat
Percentile par nombre de réponses
Votre historique - résultats
Vous n’avez pas pris ce quiz